[Event "EU-ch 1st"]
[Site "Saint Vincent"]
[Date "2000.07.11"]
[Round "8"]
[White "Milov, Vadim"]
[Black "Tregubov, Pavel V"]
[Result "1/2-1/2"]
[WhiteElo "2626"]
[BlackElo "2620"]
[Annotator "Tsesarsky,I"]
[PlyCount "85"]
[EventDate "2000.07.03"]
[EventType "swiss"]
[EventRounds "11"]
[EventCountry "ITA"]
[SourceTitle "CBM 078"]
[Source "ChessBase"]
[SourceDate "2000.10.18"]
[SourceVersion "1"]
[SourceVersionDate "2000.10.18"]
[SourceQuality "1"]

1. d4 d5 2. c4 e6 3. Nf3 c6 4. Qc2 Nf6 5. Bg5 h6 6. Bxf6 Qxf6 7. Nbd2 {Another
continuations are:} (7. e3 $11 Bd6 $5 (7... Nd7 $144 8. cxd5 exd5 9. Bd3 Bd6
10. O-O O-O 11. Nbd2 (11. Nc3 $142) 11... Qe7 12. Rab1 Nf6 {0-1 Kraidman,
Y-Agdestein,S/Jerusalem 1986/ (48) - Good Carlsbad variation for Black}) 8. Nc3
O-O 9. Bd3 Nd7 10. O-O Qe7 11. e4 dxc4 12. Bxc4 e5 13. d5 Nb6 14. Bb3 Bg4 15.
Nd2 $11 {0-1 Vernersson,P-Hector,J/Orebro SWE 2000/The Week in Chess 298 (32)})
(7. e4 $11 dxe4 8. Qxe4 Bb4+ 9. Nc3 c5 10. Rc1 (10. Bd3 cxd4 11. Nxd4 Bxc3+ 12.
bxc3 a6 13. O-O Nd7 14. Bc2 Nc5 15. Qe3 O-O $11 {1/2-1/2 Giffard,N-Hagege,G/
FRA-chT 1994/ (42)}) 10... cxd4 11. Nxd4 O-O 12. Bd3 Rd8 13. Qh7+ Kf8 14. Nde2
$132 {1-0 Garcia Gonzales,G-Bany,J/Polanica Zdroj 1987/ (40)}) (7. g3 $5 b6 (
7... Nd7 8. Bg2 Bb4+ (8... dxc4 9. Qxc4 e5 10. dxe5 Nxe5 11. Nxe5 Qxe5 12.
Bxc6+ $1 $16 {1-0 Yermolinsky,A-Kalikshteyn,A/New York Open 1993 (13)}) (8...
g6 9. O-O Qf5 10. Qb3 Bg7 11. Nbd2 O-O 12. Rac1 Rd8 13. Rfd1 Nb6 $132 (13... e5
$2 $16 {1-0 Cvitan,O-Goloshchapov,A/Open, Cappelle la Grande FRA 1998 (25)})
14. e3 $14 {[%csl Rc8]}) 9. Nc3 $6 $11 {-See comments to the game 0-1
Baumegger,S-Soln,P/Dresden 1998/CBM 65/[Tsesarsky] (32)}) 8. Bg2 Bb7 9. O-O Bd6
10. Nbd2 Nd7 11. e4 Qg6 12. Nh4 Qh7 13. Qa4 dxc4 14. Nxc4 $14 (14. e5 b5 15.
Qa5 Bb8 $44 {1-0 Kabatenski,A-Fischer,M/Baden-Baden 1993/ (35)})) (7. a3 $5 Nd7
8. e4 dxe4 9. Qxe4 g6 10. Nc3 Bg7 11. h4 O-O 12. h5 e5 13. d5 Nc5 14. Qe3 Nb3
15. Ne4 Qf4 16. Qxb3 Qxe4+ 17. Be2 gxh5 18. Rxh5 cxd5 19. cxd5 Bg4 20. Rh4 h5
21. Rd1 $14 {0-1 Prie,E-Bacrot,E/Meribel FRA 1998/ (33)}) 7... Nd7 (7... Bd6 8.
e4 $1 {If Black will play Bb4+ - it will be tempo loss!} dxe4 9. Nxe4 Bb4+ 10.
Ke2 $1 Qe7 11. c5 $1 {[%csl Rb4]} O-O (11... Ba5 12. Nd6+ $16 {[%csl Re8]}) 12.
Qa4 Na6 13. a3 b5 14. Qc2 (14. cxb6 f5 15. Ned2 $16) 14... Ba5 15. Ne5 Bd7 16.
g3 Bc7 17. Bg2 Bxe5 18. dxe5 Nc7 19. Rhe1 $16 {1-0 Ivkov,B-Kchouk,B/Buenos
Aires 1978/ (37)}) 8. e3 (8. g3 Bd6 (8... dxc4 9. Qxc4 (9. Bg2 Bb4 10. Qxc4 Qe7
11. O-O Bd6 12. Ne4 $14 {1/2-1/2 Schlosser,P-Godena,M/Horgen SKA 1994 (30)})
9... Be7 10. Bh3 g5 11. Bg2 e5 12. Nxe5 Nxe5 13. dxe5 Qe6 (13... Qxe5 14. Bxc6+
$16) 14. O-O O-O 15. Qxe6 Bxe6 16. Ne4 $16 {1-0 Hjelm,N-Eriksson Joergen/
Salongernas ELO-Turn 1996/ (38)}) 9. Bg2 O-O 10. O-O e5 11. cxd5 cxd5 12. dxe5
Nxe5 13. Nxe5 $5 (13. Nd4 $6 Be6 14. Rad1 (14. e3 Rac8 15. Qb3 Nc6 16. N2f3 Bc5
$132) 14... Rac8 15. Qb1 Bc5 16. Nxe6 fxe6 17. Nf3 Nxf3+ 18. Bxf3 Bd4 19. Rd2
$11 {1/2-1/2 Fominyh,A-Sandipan,C/Guntur, AP IND 2000/The Week in Chess 283/
(73)}) 13... Bxe5 (13... Qxe5 14. Nf3 Qh5 15. Nd4 Be5 16. Rad1 Bh3 17. Bxh3
Qxh3 18. Qb3 $14) 14. Bxd5 $14) 8... g6 $5 {Black wants to develop Bf8 to g7.
This plan also reliable (like 8...Bd6=)} ({Not bad is} 8... Bd6 $5 9. Bd3 Qe7
10. e4 dxe4 11. Bxe4 c5 12. O-O cxd4 13. Nb3 Nc5 14. Nbxd4 Nxe4 (14... a6 15.
Rfe1 Qc7 16. Nf5 $14 {1/2-1/2 Goldin,A-Bareev,E/Podolsk tt(8) 1990/ (41)}) 15.
Qxe4 O-O $11) (8... Qd8 {-See comments to the game 1-0 Neverov,V-Beshukov,S/
Moscow 1998/CBM 63/[Tsesarsky] (39)}) 9. Bd3 Bg7 10. O-O O-O 11. cxd5 $6 $132 (
{I would prefer} 11. e4 dxe4 12. Nxe4 Qe7 13. Rfe1 $14 {White has space
advantage, but Black has not weaknesses and will try to realize plans
connected with c6-c5 or e6-e5 promotions.}) 11... exd5 (11... cxd5 $6 12. Rfc1
$14 {[%csl Rc8]}) 12. b4 {This version of Carlsbad variation is not dangerous
for Black.} Qd6 13. Rab1 a5 14. a3 axb4 15. axb4 b6 16. Rfc1 Bb7 17. e4 $5 (17.
b5 $6 c5 18. dxc5 bxc5 $15) (17. Qb3 $11) 17... Rfc8 (17... dxe4 18. Bxe4 Rfc8
19. Nc4 Qe7 (19... Qf4 20. Nfe5 $1 Bxe5 21. dxe5 $14 {[%csl Rb6][%cal Gd7e5,
Gc4b6]}) 20. b5 cxb5 21. Bxb7 Rxc4 22. Bxa8 Rxc2 23. Rxc2 $14) 18. e5 Qe7 19.
h4 (19. Re1 $6 Nf8 20. Nb3 Ne6 21. Qd2 Ra4 $15) 19... Nf8 $1 {[%cal Gf8e6]} 20.
h5 $5 {[%csl Rf5]} (20. Nf1 Ne6 21. Ne3 Ra3 $132) 20... g5 (20... gxh5 21. Nf1
Ne6 22. Ng3 $44) 21. Nf1 (21. Bf5 Ne6 22. Nf1 Ra3 23. Ng3 Rca8 24. Rb3 (24.
Bh7+ Kh8 25. Nf5 Qc7 26. Nd6 Rxf3 27. gxf3 Nxd4 28. Qd3 Bxe5 29. Nxb7 Ra2 $17)
24... Rxb3 25. Qxb3 Nf4 26. Bg4 Bc8 27. Bxc8 Rxc8 28. Ra1 (28. Nf5 Qe6 29. Qc2
Bf8 30. Nh2 Nxh5 31. Ng4 c5 $17) 28... c5 $132) 21... g4 $2 $16 {[%csl Rg4]
Not necessary promotion. Pg4 became weakness.} ({Right was} 21... Ne6 22. Ne3
Qd7 23. Bh7+ Kh8 24. Bf5 Ra3 $132) 22. N3h2 Ne6 $5 (22... Qg5 $5 23. Bf5 Ne6
24. Bxe6 $1 (24. Rd1 Qxh5 25. Bxg4 Qg5 $132) 24... fxe6 25. Qg6 $1 Qxg6 26.
hxg6 h5 27. Ng3 h4 (27... Bh6 28. Rc3 Kg7 29. Nxh5+ Kxg6 30. Nf6 Ra2 31. Nhxg4
Bd2 32. Rh3 $16) 28. Nh5 g3 29. fxg3 hxg3 30. Ng4 $16 {[%cal Gb1b3,Gb3g3]}) 23.
Nxg4 $4 $17 {Terrible move} ({Why not} 23. Rd1 $1 {[%csl Gd4,Rg4]} Qg5 24. Ng3
Rc7 {[%cal Gc6c5]} 25. Bh7+ Kh8 26. Bf5 c5 27. bxc5 bxc5 28. Nxg4 cxd4 29. Qd2
(29. Qxc7 Nxc7 30. Rxb7 Ne6 31. Rxf7 Nf4 32. Nh2 {[%cal Gh2f3]} Qd8 33. Bb1 Ne6
34. Nf3 Ra1 $132) 29... Nf4 30. Qxd4 Nxh5 31. Nxh5 Qxh5 32. Qb6 Re7 33. Qd6 Qg5
34. Bd7 $16) 23... Qg5 {[%csl Rd4,Rh5]} 24. Qd1 (24. Nfe3 Nxd4 25. Bh7+ Kh8 $17
) 24... Nxd4 $1 25. Bh7+ Kxh7 26. Qxd4 Ba6 (26... Qxh5 $1 27. Ng3 (27. Qxb6
Qxg4 28. Qxb7 Qe6 29. f4 Qf5 $17) 27... Qg6 28. Qxb6 Qxg4 29. Qxb7 Qg6 $17 {
[%csl Gc6,Re5,Gf7]}) 27. Nfe3 Be2 28. Re1 Bxg4 29. Nxg4 Qxh5 $17 30. Rb3 (30.
f3 b5 $17) 30... Re8 (30... c5 $1 31. bxc5 bxc5 32. Qf4 Qg6 33. Rg3 Qe6 $17)
31. Rh3 Qf5 (31... Qg6 32. Rg3 Qe6 $17) 32. Rf3 Qh5 $2 $11 {Maybe time
pressure?} (32... Qg6 $1 33. Nf6+ (33. Rg3 Qe6 $17) 33... Bxf6 34. Rxf6 Qxf6
35. exf6 Rxe1+ 36. Kh2 Re6 37. Qxb6 Kg6 $17) 33. Nf6+ $1 Bxf6 34. Rxf6 Re6 $6
$14 (34... Rac8 $142 $1 35. b5 cxb5 36. Qxd5 Rc5 $1 37. Qe4+ (37. Rxf7+ Kg8 38.
Rf5+ Rxd5 39. Rxh5 b4 $132) (37. Qxf7+ Qxf7 38. Rxf7+ Kg8 39. Rf5 b4 40. f4 b3
41. Rb1 Rb5 42. Kf2 Rf8 43. Rxf8+ Kxf8 $44) 37... Kg7 38. f4 $44) 35. Rxe6 fxe6
36. Qxb6 Rg8 37. Qxc6 $6 (37. g3 $1 Qf3 38. Re3 Qd1+ 39. Kg2 Qc2 40. Qd4 $14)
37... Qg4 $1 {[%csl Rb4,Rg2]} 38. g3 (38. Qc2+ Kh8 39. f3 Qxb4 $11) 38... Qxb4
39. Re3 (39. Rc1 Qb2 $11) 39... Qg4 40. Qc2+ Qg6 41. Qxg6+ Rxg6 42. Kg2 h5 43.
Kh3 1/2-1/2

[Event "Linares Anibal op 04th"]
[Site "Linares"]
[Date "1997.??.??"]
[Round "2"]
[White "Oms Pallisse, Josep"]
[Black "Korneev, Oleg"]
[Result "0-1"]
[WhiteElo "2450"]
[BlackElo "2590"]
[Annotator "Tsesarsky,I"]
[PlyCount "84"]
[EventDate "1997.02.??"]
[EventType "swiss"]
[EventRounds "10"]
[EventCountry "ESP"]
[SourceTitle "CBM 058"]
[Source "ChessBase"]
[SourceDate "1997.06.01"]
[SourceVersion "1"]
[SourceVersionDate "1997.06.01"]
[SourceQuality "1"]

1. Nf3 {Hecht} d5 2. d4 Nf6 3. c4 e6 4. Bg5 dxc4 5. Qa4+ Nbd7 6. Qxc4 a6 (6...
Be7 7. Nc3 (7. g3 a6 8. Nbd2 b5 9. Qc6 Ra7 10. Bg2 Bb7 11. Qc2 O-O 12. O-O Qa8
13. Nb3 Be4 14. Qc1 Rc8 15. Bxf6 Bxf6 16. Nc5 Nxc5 17. Qxc5 Rd8 $11 {1/2-1/2
Schussler,H-Pinter,J/Haninge 1988 (22)}) (7. e3 O-O 8. Nc3 a6 9. b4 b6 10. Be2
c5 11. bxc5 bxc5 12. dxc5 Nxc5 13. Bxf6 gxf6 14. O-O Bb7 15. Rfd1 Qa5 16. Rac1
Rad8 17. Qg4+ Kh8 18. Rxd8 Rxd8 19. Qh5 Nb3 20. Qxa5 Nxa5 $11 {1/2-1/2
Fernandez,A-Gonzales,E/Novi Sad olm VEN-DOM 1990 (49)}) 7... a6 8. Rd1 b5 9.
Qb3 O-O 10. e3 Bb7 11. Be2 c5 12. dxc5 Qc7 13. Bxf6 Bxf6 14. O-O Nxc5 $15 {
Rivas Pastor,M-Pinter,J/Roma 1984/0-1 (45)}) (6... c5 7. Nc3 (7. e3 a6 (7...
Bd6 8. Nc3 a6 9. Ne4 Qb6 10. Nxd6+ Qxd6 11. Bf4 $14 {Szablevski,M-Bloch,D/
EU-chJM U10 Rimavska Sobota 1996/1-0 (50)}) 8. a4 b5 9. Qc2 Qa5+ 10. Qd2 b4 11.
Bxf6 Nxf6 12. Bd3 Bb7 13. dxc5 Bxf3 14. gxf3 Bxc5 $17 {0-1 Sirnik,B-Sveshnikov,
E/2nd op, Nova Gorica SLO 1997 (33)}) 7... a6 8. dxc5 (8. Bxf6 Qxf6 9. Ne4 Qf4
10. Nxc5 Nxc5 11. e3 Qd6 12. dxc5 Qxc5 13. Qxc5 Bxc5 $11 {1/2-1/2 Romanishin,
O-Tal,M/Tbilisi 1988 (16)}) (8. a4 cxd4 9. Nxd4 $4 Ne5 {0-1 Schmied,A-Aagaard,
J/Copenhagen op 1995}) 8... Bxc5 9. b4 (9. e3 b5 10. Qh4 Bb7 11. Be2 b4 12. Na4
Be7 13. O-O Qa5 14. b3 h6 15. Rac1 O-O 16. Bxf6 Nxf6 17. Nd2 Rad8 18. Nc4 Qf5
19. Qg3 Bd5 20. Bf3 Ne4 21. Bxe4 Bxe4 $17 {Gruenberg,H-Petursson,M/Moscow
GMA-op 1989/0-1 (46)}) 9... b5 10. Qb3 Be7 11. Rc1 O-O 12. e3 Bb7 13. Be2 h6
14. Bh4 Nd5 15. Bxe7 Qxe7 $11 {1/2-1/2 Ionescu,C-Vera,R/Timisoara 1987 (31)})
7. Nbd2 b5 (7... c5 8. dxc5 Bxc5 9. b4 b5 10. Qb3 Be7 (10... Bd6 11. e4 Bb7 12.
a4 bxa4 13. Qxa4 O-O 14. Nc4 Nb6 15. Bxf6 gxf6 $17 {0-1 Frosch,E-Palac,M/
Velden op 1994 (35)}) 11. e4 Bb7 12. Bd3 h6 13. Be3 Ng4 14. Bd4 Nde5 15. Bc2
Bf6 16. Rd1 Nxf3+ 17. Nxf3 Bxd4 18. Rxd4 Qc7 19. O-O O-O $11 {1/2-1/2 Dolmatov,
S-Sveshnikov,E/Manila 1982 (21)}) 8. Qc6 Rb8 9. Rc1 Bd6 10. Ne4 Bb4+ 11. Bd2
Bxd2+ 12. Nexd2 Bb7 13. Qxc7 Qxc7 14. Rxc7 Ke7 $15 15. Ne5 $5 (15. e3 Rhc8 16.
Rc3 Bd5 17. a3 Rxc3 18. bxc3 Rc8 19. Nb1 Ne4 20. Nfd2 Nxc3 $17) (15. Kd1 Ng4)
15... Rhc8 16. Rxc8 Rxc8 17. Nd3 e5 $1 (17... Ne4 18. Nxe4 Bxe4 19. Kd2 $14)
18. Nb3 (18. e3 e4 19. Nf4 Rc2 20. b3 Rxa2 $17) 18... e4 (18... exd4 $2 19.
Nxd4 Be4 20. b3 Kd6 21. Kd2 $14) 19. Ndc5 Bd5 20. Nxd7 (20. Nxa6 Bxb3 21. axb3
e3 22. fxe3 Ne4 $19) (20. Kd2 Ng4 $1 (20... Nxc5 21. Nxc5 Ng4 (21... Bxa2 22.
e3 $14) 22. Ke1 (22. f3 e3+ 23. Kc2 Nf2 24. Rg1 b4 25. b3 Bc6 26. g4 Rd8 27.
Nxa6 Rxd4 $17) 22... e3 23. fxe3 Nxe3 24. Kd2 Nc4+ 25. Kc3 Ne3 26. Kd2 $11) 21.
Nxa6 Nxf2 22. Rg1 e3+ (22... Bxb3 23. axb3 Ra8 24. Nc7 Ra1 25. Nxb5 Rd1+ 26.
Kc2 (26. Ke3 Ng4+ 27. Kxe4 Nxh2 $19) 26... e3 27. b4 Nf6 28. h4 N6e4 29. Nc3
Rd2+ 30. Kb3 Ng3 (30... Rxd4 31. g3) 31. Nd5+ Ke6 32. Nxe3 Rxd4 33. b5 Rxh4 34.
b6 Kd6 35. Nc4+ Kc6 36. e3 Rh5 $17) 23. Kxe3 Ng4+ 24. Kf4 Nxh2 25. Nb4 Bxb3 26.
axb3 Rc1 27. Nd5+ Kd6 28. Ne3 Re1 (28... Nf6 29. Rh1 Nh5+ (29... Nxf1 30. Rxf1
Rxf1+ (30... Nd5+ 31. Kf3 Rxf1+ 32. Nxf1 $16) 31. Nxf1 Kd5 32. e3 $14) 30. Kg5)
29. Kg3 (29. Nf5+ Kd5 30. Kg3 Nxf1+ 31. Kf2 Rb1 32. Rxf1 Rxf1+ 33. Kxf1 g6 34.
Nh6 Kxd4 35. Nxf7 Nc5 36. Ng5 h5 37. b4 Na6 38. Ne6+ Ke5 39. Nc5 Nxb4 $17)
29... Nxf1+ 30. Rxf1 Rxe2 31. Nf5+ Kd5 32. Nxg7 f6 33. Nh5 Rxb2 34. Nxf6+ Nxf6
35. Rxf6 Rxb3+ 36. Kf4 Kxd4 37. Rh6 $11) 20... Nxd7 21. Kd2 e3+ $5 (21... Nf6
22. e3 Ng4 23. Be2 Nxf2 24. Rc1 $11) 22. Kxe3 (22. fxe3 a5 (22... Nb6 23. e4
Nc4+ 24. Ke1 Bxe4 25. Nc5 Bb1 26. b3 Na3 27. Kd2 Bxa2 28. e3 Bb1 29. Bd3 Bxd3
30. Kxd3 a5 $14) (22... Nf6 23. Nc5) 23. Nxa5 Nf6 24. e4 Nxe4+ 25. Ke3 Rc2 $17)
22... Rc2 23. Kd3 (23. Nc5 Nxc5 24. dxc5 Bxa2 25. b4 Rb2 26. g3 Bd5 27. Rg1
Rxb4 $17) 23... Rxb2 24. e4 (24. Nc1 b4 25. e4 Bxa2 26. Nxa2 Rxa2 27. Be2 a5
28. Rb1 Nb6 $17 {[%cal Gb6a4,Ga4c3]}) 24... Bxb3 25. axb3 Rxb3+ 26. Kc2 (26.
Kd2 Rb1 (26... Rb4)) 26... Rb4 27. Kc3 Rb1 28. g3 Nb6 29. Bg2 Na4+ 30. Kd2 Rb2+
31. Ke3 Nb6 (31... Nc3 32. Ra1 Re2+ 33. Kd3 Rxf2 34. Kxc3 Rxg2 35. Rxa6 $11)
32. Rc1 (32. Ra1 a5 $17) 32... Nc4+ 33. Kf3 a5 34. Bf1 Nd2+ 35. Kf4 (35. Ke3
Nxf1+ 36. Rxf1 a4 37. Ra1 Rb3+ 38. Kd2 a3 $19) 35... Nxf1 (35... a4 $17) 36.
Rxf1 {[#] Hecht Die schwarzen Freibauern sind Selbstläufer. Einfach!} a4 $19
37. Ke5 a3 38. Rc1 Kd7 39. Rc3 b4 40. Rc5 a2 41. Ra5 b3 42. d5 Rb1 0-1

[Event "Schuhplattler Veterans-Ladies"]
[Site "Munich"]
[Date "2000.07.07"]
[Round "4"]
[White "Kortschnoj, Viktor Lvovich"]
[Black "Zhu, Chen"]
[Result "0-1"]
[WhiteElo "2620"]
[BlackElo "2535"]
[Annotator "Tsesarsky,I"]
[PlyCount "68"]
[EventDate "2000.07.04"]
[EventType "schev"]
[EventRounds "10"]
[EventCountry "GER"]
[SourceTitle "CBM 078"]
[Source "ChessBase"]
[SourceDate "2000.10.18"]
[SourceVersion "1"]
[SourceVersionDate "2000.10.18"]
[SourceQuality "1"]

1. d4 d5 2. c4 c6 3. Nf3 Nf6 4. e3 e6 5. b3 {Very rare move. Kortschnoj very
often plays secondary variations - without theoretical discussions.} Ne4 $6 $14
{[%cal Gf8b4] Interesting but wrong reaction. Black prepare useless check on
b4.} ({Another continuation is} 5... Nbd7 6. Bd3 (6. Bb2 Bd6 (6... Be7 7. Bd3
Qc7 8. Nbd2 b6 9. O-O Bb7 10. a3 O-O 11. Rc1 Rfe8 12. Re1 Rad8 $11 {Kruck,
M-Benndorf,H/Chemnitz op (5) ;EXT 99 1997/1-0 (50)}) 7. Nbd2 Qe7 8. Ne5 O-O 9.
Bd3 Ba3 10. Bxa3 Qxa3 11. Nxd7 Bxd7 12. c5 Qa5 13. a3 e5 14. dxe5 Ng4 15. h3
Nxe5 $11 {Szmacinska,Grazyna-Misanovic,Vesna/Thessaloniki ol (Women) ;EXT 97
1988/1/2-1/2 (46)}) 6... Bd6 7. Nbd2 (7. Bb2 O-O (7... Qc7 $6 8. c5 $5 Be7 9.
Nbd2 O-O 10. O-O Rd8 11. b4 b6 12. a3 a5 13. Qe2 Bb7 14. e4 $14 (14. Rfc1 Rdb8
15. Bc3 $14 {Raffalt,Manfred-Singer,Richard/AUT-ch qual (6) ;EXT 97 1991/1-0 
(42)})) 8. O-O (8. Ne5 dxc4 9. bxc4 Bb4+ 10. Kf1 Qc7 (10... Nxe5 11. dxe5 Nd7
12. Qh5 h6 $17) 11. f4 Rd8 12. g4 Nxe5 (12... b5 $1 $15) 13. fxe5 Nd7 $15 {
Times,Lawyer-Escobedo Tinajero,Alberto/World op Philadelphia (4) ;EXT 2000
1999/0-1 (48)}) 8... Qe7 9. Ne5 a5 10. a3 c5 11. Nd2 b6 12. Qc2 cxd4 13. exd4
Bb7 $132 {0-1 Hodgson,Julian M-Martinez,Marce/Saitek US Masters (4) ;EXT 99
1998 (40)}) 7... e5 8. cxd5 cxd5 9. dxe5 Nxe5 10. Qe2 (10. Nxe5 Bxe5 11. Rb1
O-O 12. Nf3 Bg4 13. O-O Qc7 14. h3 Bxf3 15. Qxf3 d4 16. exd4 (16. Bb2 dxe3 17.
Rbc1 exf2+ 18. Rxf2 Qb8 19. Bxe5 Qxe5 20. Qxb7 $11) 16... Bxd4 17. Bf4 $14)
10... O-O 11. Bb2 Re8 12. Rc1 Ng6 (12... Nxd3+ 13. Qxd3 Bg4 $132) 13. Nd4 (13.
Bxg6 hxg6 $132) 13... Nf4 14. Qf1 Ng4 $40 {Miniati,NT-Lasker,Emanuel (4)/
Manchester m ;EXT 99 1890/0-1 (50)}) 6. Bd3 Bb4+ 7. Kf1 $6 $132 {[%csl Rf1]
Interesting, but not the best move.} ({In my opinion, better is standard} 7.
Nbd2 Bc3 (7... Qa5 8. Qc2 $14) 8. Rb1 Qa5 9. Qc2 Na6 (9... f5 10. a3 Nd7 11. b4
Qc7 12. O-O Nxd2 13. Bxd2 Bxd2 14. Qxd2 $14) 10. a3 Nxd2 11. Nxd2 c5 (11...
dxc4 12. bxc4 e5 13. O-O exd4 14. Nb3 Qd8 15. exd4 Bxd4 16. Nxd4 Qxd4 17. Bb2
$16) 12. O-O cxd4 13. cxd5 exd5 14. b4 Qb6 15. Nf3 Bd7 16. exd4 $14) 7... Qe7 (
7... Nd7 8. Ba3 a5 9. Bxb4 axb4 10. Nbd2 Nc3 11. Qc2 Nf6 12. a3 (12. e4 dxe4
13. Nxe4 Nfxe4 14. Bxe4 Nxe4 15. Qxe4 O-O 16. h4 f6 $132) 12... Qa5 13. a4 $132
) 8. Qc2 f5 {Black recieved stonewall variation with Kf1.} 9. Bb2 Nd7 10. Nc3 (
10. a3 Bd6 11. Nbd2 O-O $132) 10... O-O 11. Ne2 Bd6 {Bb4 have fulfilled it't
mission - B can return.} 12. g3 {[%cal Gf1g2]} ({Better was   with the same
idea g2-g4, but what to do with Kf1?} 12. h3 {[%cal Gg2g4]}) 12... Ndf6 13. h3
dxc4 {Black desided to open position.} ({Another plans of Bc8 development are} 
13... Bd7 $132 {[%cal Gd7e8,Ge8h5]}) (13... b6 $132 {[%cal Gc8b7,Gc8a6]}) 14.
bxc4 c5 15. g4 $5 {Sharp continuation} (15. Kg2 b6 $132 {[%cal Gc8b7]}) 15...
b5 $2 $16 {Black sacrifice P with hope to open the game and try to disturb Kf1}
({Another possibility is} 15... b6 16. Rg1 (16. g5 Ne8 17. h4 Bb7 18. Rg1 $132)
16... Bb7 17. gxf5 exf5 18. a4 Rae8 19. d5 $132) 16. gxf5 (16. cxb5 $1 {
The best way to fight against gambit is to accept it!} Bb7 (16... cxd4 17.
Nexd4 Bb7 18. gxf5 Rac8 19. Nc6 (19. Qb3 Nc5 $15) 19... Bxc6 20. bxc6 exf5 21.
Rc1 $16) 17. gxf5 Rac8 (17... exf5 18. Bc4+ Kh8 (18... Bd5 19. Rc1 $16) 19. Rg1
$16) 18. Bc4 Bd5 19. Bxd5 exd5 20. dxc5 Rxc5 21. Qd3 $16) 16... exf5 17. d5 (
17. cxb5 Bb7 18. Rg1 Rac8 19. Rc1 cxd4 20. Bc4+ Kh8 21. Nexd4 f4 22. Ne6 Bd5
23. Bxd5 Rxc2 24. Rxc2 Qd7 $13 {[%cal Gd7b5]} (24... fxe3 25. Rxg7 $18)) 17...
Bb7 18. Rg1 bxc4 19. Bxc4 Qe8 {[%cal Ge8h5]} (19... g6 20. Rd1 $132) 20. Nc3 (
20. Rd1 Qh5 $15 {[%csl Rf3,Rh3]}) 20... Rb8 (20... Qh5 $5 21. Nxe4 Qxh3+ 22.
Rg2 fxe4 23. Ng5 Qh1+ 24. Rg1 Qh6 (24... Ng4 $5 25. Rxh1 Nxe3+ 26. Ke2 Nxc2 27.
Rxh7 $18) 25. Nxe4 Nxe4 26. Qxe4 Rae8 27. Qg2 g6 {[%csl Re3,Rf1]} 28. Ke2 Qh5+
29. Qg4 Qxg4+ 30. Rxg4 Bc8 $132) 21. Nxe4 (21. Ng5 Nxg5 22. Rxg5 Bc8 23. Bd3
Be5 24. Rb1 (24. Bxf5 Bxf5 25. Rxf5 Nxd5 26. Nxd5 Rxb2 27. Rxf8+ Qxf8 $19)
24... g6 $15) 21... fxe4 (21... Qxe4 $6 22. Qxe4 fxe4 23. Nd2 $14) 22. Bxf6 (
22. Ng5 Be5 23. d6+ Kh8 24. Bxe5 Qxe5 25. Rd1 Bd5 $15) 22... Rxf6 23. Ng5 Bc8
$1 {[%cal Gc8h3]} 24. Ne6 ({Maybe at the last moment Kortschnoj noted} 24. Nxe4
$2 Bxh3+ 25. Ke1 {next very strong move:} Rxf2 $3 (25... Rg6 26. Rxg6 Qxg6 27.
Rc1 Bf5 28. Bd3 Be5 29. Nf6+ Qxf6 30. Bxf5 Rb2 31. Qe4 g6 32. Be6+ Kh8 33. Rc2
$11) 26. Kxf2 (26. Qxf2 Qxe4 $19) 26... Qe5 $19) 24... Qh5 25. Rxg7+ (25. Qxe4
Qxh3+ 26. Ke1 g6 27. Rh1 Qf5 28. Qxf5 Rxf5 29. Rc1 (29. f4 {[%cal Ge3e4]} Rb4
30. Rc1 Bb7 $15) 29... Rb2 30. f4 $132) 25... Kh8 26. Rg2 (26. Rxa7 $2 Bg3 $1 (
26... Qxh3+ 27. Ke1 Qh1+ 28. Bf1 Bg3 29. Qc3 Bxf2+ 30. Kd2 Qh6 $17) 27. Nf4 Qf3
$19 {[%csl Rf4][%cal Gf6f4,Gc8h3]}) 26... Qxh3 27. Ng5 $4 $19 {[%mdl 8192]} ({
The only move was natural} 27. Qc3 $1 {[%csl Rf6][%cal Gc3h8]} Qh1+ 28. Rg1 Qh4
(28... Qh3+ 29. Rg2 $11) 29. Rg2 $11) 27... Qh1+ 28. Rg1 Bh3+ 29. Nxh3 Qxh3+
30. Ke1 Be5 {[%cal Ge5a1] ...and Black occupied important big diagonal.} 31.
Rb1 (31. Rc1 Bb2 $1 32. Rb1 {[%tqu "En","?","","","f6f2","",10,"b2c3","",0]}
Rxf2 $1 (32... Bc3+ 33. Kd1) 33. Kxf2 Qf3+ 34. Ke1 Qxe3+ $19) (31. Rd1 Rxf2 $1
$19) 31... Rbf8 $4 $16 {[%mdl 8192]} ({Immediately win} 31... Rxb1+ 32. Qxb1
Qf3 33. Qc2 Bc3+ $19) 32. Qxe4 $8 (32. Rb3 Rxf2 33. Qxe4 Bg3 34. Kd1 $8 Rxa2
35. Rb8 $1 (35. Kc1 Qh2 $19) 35... Qh5+ 36. Kc1 Rxb8 37. Bxa2 Re8 $19) 32...
Bc3+ 33. Ke2 (33. Kd1 Rxf2 34. Be2 Qh2 35. Rh1 Rf1+ $1 36. Kc2 $1 Qxh1 37. Qxh1
Rxh1 38. Rxh1 $14) 33... Rxf2+ 34. Kd3 R2f3 $2 {I support, both sides were in
time pressure, it is the only explanation of lot of mistakes in the end of the
game.} (34... R2f3 $138 {?} 35. Rh1 $18) (34... Bf6 35. Rb7 $16) 0-1